书目信息 |
| 书名: | THE FUTURE OF MAN:pierre teilhard de chardin | |
| 作者: | By the author of THE PHENOMENON OF MAN. | |
| 分册号: | ||
| 分册名: | 出版地: | New York : |
|
| 出版社: | HARPER COLOPHON BOOKS | |
| 出版时间: | c1964. | |
| 页数: | 332 p. ; | |
| 开本: | 20cm. | |
| 丛书名: | ||
| 中图分类号: | ||
| 科图分类号: | ||
| 其他分类号: | B151 | |
| 主题词: | ||
| 电子资源: | ||
| 000 | 00431nam 2200145 a 4500 | |
| 001 | E0761605716 | |
| 005 | 20070516172231.82 | |
| 008 | 070516s1964 00010 eng | |
| 020 | @a0-06-090496-8. | |
| 040 | @aPFT@beng | |
| 090 | @aB151 | |
| 099 | @dB151@ex6 | |
| 245 | 1 | @aTHE FUTURE OF MAN:pierre teilhard de chardin / @cBy the author of THE PHENOMENON OF MAN. |
| 260 | @aNew York :@bHARPER COLOPHON BOOKS,@cc1964. | |
| 300 | @a332 p. ;@c20cm. | |
| THE FUTURE OF MAN:pierre teilhard de chardin / / By the author of THE PHENOMENON OF MAN.-New York : : HARPER COLOPHON BOOKS, , c1964. |
| 332 p. ; ; 20cm. |
| ISBN 0-06-090496-8. |
| ● |
| 相关链接 |
|
|
|
|
正题名:THE FUTURE OF MAN:pierre teilhard de chardin
索取号:B151/x6
 
预约/预借
| 序号 | 登录号 | 条形码 | 馆藏地/架位号 | 状态 | 备注 |
| 1 | 9504 | 300095046 | 第二样本阅览室/ [索取号:B151/x6] | 在馆 | |
| 2 | 9505 | 300095055 | 第四借阅区/ [索取号:B151/x6] | 在馆 |